| Tag |
First Indicator |
Second Indicator |
Subfields |
| LEADER |
00000cam a22000001a 4500 |
| 001 |
in00003217021 |
| 005 |
20190404181538.0 |
| 006 |
m d f |
| 007 |
cr bn mmmapmmp |
| 008 |
091015s1981 dcua ob f000 0 eng d |
| 035 |
|
|
|a cis2007445140
|
| 040 |
|
|
|a UMI
|c UMI
|d UtOrBLW
|
| 043 |
|
|
|a n-us---
|
| 074 |
|
|
|a 1040-A, 1040-B (microfiche)
|
| 086 |
0 |
|
|a Y 4.En 2:97-46
|
| 088 |
|
|
|a Publication No. 97-46 (United States. Congress. Senate. Committee on Energy and Natural Resources)
|
| 099 |
|
|
|a HRG-1981-NAR-0042
|
| 110 |
1 |
|
|a United States.
|b Congress.
|b Senate.
|b Committee on Energy and Natural Resources.
|b Subcommittee on Water and Power.
|
| 245 |
1 |
0 |
|a Future of water resource development in South Dakota :
|b hearing before the Subcommittee on Water and Power of the Committee on Energy and Natural Resources, United States Senate, Ninety-seventh Congress, first session, on S. 1553 ... Pierre, S. Dak., September 12, 1981.
|
| 264 |
|
1 |
|a Washington :
|b U.S. G.P.O.,
|c 1981 [i.e. 1982]
|
| 300 |
|
|
|a 1 online resource.
|
| 336 |
|
|
|a text
|b txt
|2 rdacontent
|
| 337 |
|
|
|a computer
|b c
|2 rdamedia
|
| 338 |
|
|
|a online resource
|b cr
|2 rdacarrier
|
| 500 |
|
|
|a Record is based on bibliographic data in ProQuest Congressional Hearings Digital Collection. Reuse except for individual research requires license from ProQuest, LLC.
|
| 504 |
|
|
|a Includes bibliographical references.
|
| 538 |
|
|
|a System requirements: PDF reader software.
|
| 500 |
|
|
|a Electronic resource.
|
| 650 |
|
0 |
|a Water resources development
|x Law and legislation
|z South Dakota.
|
| 650 |
|
0 |
|a Irrigation water
|z South Dakota.
|
| 650 |
|
0 |
|a Natural resources
|x Law and legislation
|z South Dakota.
|
| 655 |
|
7 |
|a Electronic books.
|2 local
|
| 710 |
2 |
|
|a ProQuest (Firm)
|
| 776 |
0 |
8 |
|i Print version:
|a United States. Congress. Senate. Committee on Energy and Natural Resources. Subcommittee on Water and Power.
|t Future of water resource development in South Dakota
|w (DLC)82601449
|w (OCoLC)08243329
|w gp 82012136
|
| 776 |
0 |
8 |
|i Microfiche version:
|a United States. Congress. Senate. Committee on Energy and Natural Resources. Subcommittee on Water and Power.
|t Future of water resource development in South Dakota.
|d [Bethesda, Md.] : ProQuest,[2004]
|o CIS 82 S311-10
|w (ProQuest)cis08202017
|
| 830 |
|
0 |
|a U.S. Congressional Hearings.
|
| 856 |
4 |
0 |
|u http://proxy.library.tamu.edu/login?url=http://congressional.proquest.com/congcomp/getdoc?HEARING-ID=HRG-1981-NAR-0042
|z Connect to the full text of this electronic book
|t 0
|
| 998 |
|
|
|a cis08202017
|
| 999 |
|
|
|a MARS
|
| 999 |
f |
f |
|s 256a53cb-44a5-3248-9acb-fc19887efef1
|i b807a65c-2606-3835-958c-da90efc8495b
|t 0
|
| 952 |
f |
f |
|a Texas A&M University
|b College Station
|c Electronic Resources
|d Available Online
|t 0
|e HRG-1981-NAR-0042
|h Other scheme
|
| 998 |
f |
f |
|a HRG-1981-NAR-0042
|t 0
|l Available Online
|